Nourriture en C - Statistiques

Statistiques générales
  • Ce quiz a été pris 747 fois
  • Le résultat moyen est 13 sur 16
Statistiques - réponses
Par images Réponse % Correct
Carotte
100%
Cerise
99%
Citron
99%
Champignon
98%
Chocolat
98%
Coca-Cola
98%
Concombre
98%
Chou
95%
Courgette
95%
Crevette
94%
Ciboulette
80%
Céleri
72%
Chèvre
67%
Cognac
61%
Câpre
53%
Canard
31%
Aucun quiz correspondant
Distribution des résultats
% des personnes avec chaque résultat
Percentile par nombre de réponses
Votre historique - résultats
Vous n’avez pas pris ce quiz